Statistics for Insect Knowledge #2

Click here to take the quiz!

General Stats

  • This quiz has been taken 4,918 times
    (4,825 since last reset)
  • The average score is 10 of 16

Answer Stats

Question Answer % Correct
What is the plural of louse?Lice
93%
What word, starting with H, refers to the largest type of wasps?Hornet
87%
What type of beetle eats excrement and sometimes rolls it into balls?{Dung} Beetle
82%
What type of bee is capable of laying eggs?Queen
80%
What fictional cricket was Pinocchio's "conscience"?Jiminy Cricket
75%
What flower product do bees convert into honey?Nectar
74%
What "royal" orange and black butterfly is probably the most
well-known butterfly in North America?
{Monarch} Butterfly
74%
What word, starting with E, refers to the hard external "shell" of an insect?Exoskeleton
72%
What is the name for the study of insects?{Ent}omology
62%
What type of ants are so-named because their sting is as painful as being shot?{Bullet} Ant
54%
What insects are known by the scientific name Formicidae?Ants
53%
What do bed bugs eat?Blood
53%
Who battled a giant moth named "Mothra"?Godzilla
52%
What beetle, named for Biblical character, is thought to be the world's heaviest insect?{Goliath} Beetle
46%
In what country do people eat "Escamol", a dish made of ant larvae?Mexico
34%
What type of eye, composed of thousands of photoreceptive sensors, do insects have?{Compound} Eye
32%

Score Distribution

Percentile by Number Answered

Percent of People with Each Score

Your Score History

You have not taken this quiz since the last reset